000 00471nam a2200181Ia 4500
005 20250508160841.0
008 008 250505s9999 xx 000 0 hin d
037 _aTextual
040 _aFEDL
_beng
_cFEDL
041 _ahin
_2hin
084 _aFH, KOH
_qFEDL
100 _aKohli Narendra
245 0 _aPunrarambh
260 _aDelhi, India
_bNational Publishing House
_c1972
300 _a214p.
942 _cTEXL
_hFH, KOH
999 _c1366985
_d1366985